LEADER 01075nam a22002651i 4500 001 991001301549707536 005 20031030114448.0 008 040407s19uu it a||||||||||||||||ita 035 $ab12749588-39ule_inst 035 $aARCHE-072921$9ExL 040 $aDip.to Scienze Storiche$bita$cA.t.i. Arché s.c.r.l. Pandora Sicilia s.r.l. 082 04$a711 100 1 $aVenditti, Arnaldo$0483691 245 10$aUrbanistica e architettura angioina /$cArnaldo Venditti 260 $a[Napoli] :$bEdizioni scientifiche italiane,$c[19..] 300 $aP. 667-888 :$bill. ;$c32 cm 500 $aTit. della cop.: Urbanistica e architettura nella Napoli angioina 650 4$aArchitettura$zNapoli$ySec. 13.-15. 650 4$aUrbanistica$zNapoli$ySec. 13.-15. 907 $a.b12749588$b02-04-14$c16-04-04 912 $a991001301549707536 945 $aLE009 LA VI A 21$g1$i2009000249356$lle009$o-$pE0.00$q-$rn$so $t0$u1$v0$w1$x0$y.i13287837$z16-04-04 996 $aUrbanistica e architettura angioina$9266531 997 $aUNISALENTO 998 $ale009$b16-04-04$cm$da $e-$fita$git $h0$i1